Missing Word: Bible Verses Quiz Stats

 Plays Quiz Updated Jul 21, 2018

Challenge
Share
Tweet
Embed
Score 0/18 Timer 05:00
0 Plays Today
Bible Verse Missing Word % Correct
In the ______ God created the heaven and the earth.beginning
96.4%
The Lord is my ________; I shall not want.shepherd
89.4%
And God blessed the _______ day, and sanctified it: because that in it He had rested from all his work which God created and made.seventh
85.9%
For God so loved the world that He gave His only begotten Son, that whosoever believeth in Him should not perish, but have _______ life.everlasting
85.6%
Greater love hath no man than this, that a man lay down his ____ for his friends.life
83.7%
Man shall not live by _____ alone, but by every word that proceedeth out of the mouth of God.bread
79.3%
And it came to pass at the end of _____ days, that Noah opened the window of the ark which he had made.forty
78.7%
And now abideth faith, ____, and charity, these three; but the greatest of these is charity.hope
78.5%
Let your ______ so shine before men, that they may see your good works and glorify your Father which is in heaven.light
75.3%
Bible Verse Missing Word % Correct
Verily I say unto you, except ye be converted, and become as little _______, ye shall not enter into the kingdom of heaven.children
74.2%
Jesus saith unto him, I am the way, the _____, and the life: no man cometh unto the Father, but by me.truth
72.5%
And again I say unto you, it is easier for a camel to go through the eye of a needle, than for a ____ man to enter into the kingdom of God.rich
70.5%
...and though I have all faith, so that I could remove mountains, and have not _______, I am nothing.charity
70.3%
I will say of the Lord, He is my refuge and my fortress: my God; in him will I _____.trust
59.1%
But they that wait upon the Lord shall renew their strength; they shall mount up with wings as ______; they shall run, and not be weary; and they shall walk, and not faint.eagles
58.6%
Surely goodness and _____ shall follow me all the days of my life: and I will dwell in the house of the Lord for ever.mercy
53.1%
Blessed are the _________ : for they shall be called the children of God.peacemakers
37.6%
For lo, the winter is past, the rain is over and gone.The flowers appear on the earth; the time of the ______ of birds is come and the voice of the turtledove is heard in our land.singing
25.2%

Today's Daily Dose

Missing Word
'F' Pairs

Word Ladder
Mixed Synonyms

On This Day
August 15th II

You're not logged in!

Compare scores with friends on all Sporcle quizzes.
Join for Free
OR
Log In

You Might Also Like...

Show Comments

Extras

Top Quizzes Today


Score Distribution

Your Account Isn't Verified!

In order to create a playlist on Sporcle, you need to verify the email address you used during registration. Go to your Sporcle Settings to finish the process.

Report this User

Report this user for behavior that violates our Community Guidelines.

Details: